000
00293nam a22001337a 4500
008
170620b xxu||||| |||| 00| 0 eng d
020
_a
9789951230063
041
_a
alb
080
_a
617
100
_a
6
101
_a
shm
245
_a
KIRURGJIA LAPAROSKOPIKE
_c
KRASNIQI, S
942
_2
udc
_c
BK
999
_c
18269
_d
18269